| 000 | 00413nam a22001697a 4500 | ||
|---|---|---|---|
| 003 | BD-DhUIB | ||
| 005 | 20251020181217.0 | ||
| 008 | 251020b |||||||| |||| 00| 0 eng d | ||
| 040 |
_aBD-DhUIB _cBD-DhUIB |
||
| 050 | _a2nd ed. | ||
| 082 | _222 | ||
| 100 |
_aBowerman, Bruce L. _91030 |
||
| 245 |
_aBusiness statistics in practice/ _cby Bruce L. Bowerman. |
||
| 250 | _a2nd ed. | ||
| 526 | _aBBA | ||
| 942 |
_2ddc _cBK |
||
| 999 |
_c583 _d583 |
||